[Event "12. Süder Sommerpokal"]
[Site "Recklinghausen"]
[Date "2001.08.10"]
[Round "7"]
[White "Khenkin, Igor"]
[Black "Halasz, Tamas"]
[Result "1-0"]
[WhiteElo "2579"]
[BlackElo "2382"]
[PlyCount "97"]
[EventDate "2001.??.??"]

1. d4 d5 2. c4 e6 3. Nf3 Nf6 4. Nc3 c6 5. Bg5 Nbd7 6. cxd5 exd5 7. e3 Be7 8.
Bd3 O-O 9. Qc2 Re8 10. h3 Nf8 11. Bf4 Ng6 12. Bh2 Bd6 13. Bxd6 Qxd6 14. O-O-O
Be6 15. Kb1 Rac8 16. Rc1 b6 17. g4 c5 18. Ba6 Rb8 19. Nb5 Qd7 20. Ne5 Nxe5 21.
dxe5 Ne4 22. f3 Ng5 23. Nd6 Nxf3 24. Bb5 Qe7 25. Nxe8 a6 26. Rhf1 axb5 27. Nxg7
Kxg7 28. Rxf3 Qg5 29. Qh2 Qg6+ 30. Qc2 Qg5 31. Qh2 Qg6+ 32. Rc2 Qd3 33. Kc1 b4
34. Qf4 b3 35. Rd2 Qb5 36. a3 Ra8 37. h4 Ra4 38. Qg5+ Kf8 39. Qd8+ Kg7 40. Qg5+
Kf8 41. Qd8+ Kg7 42. Qf6+ Kg8 43. Rf4 Rc4+ 44. Kb1 Rc2 45. Rff2 Rc4 46. h5 h6
47. Rg2 Qd7 48. Qxh6 Bxg4 49. Rdf2 1-0

[Event "12. Süder Sommerpokal"]
[Site "Recklinghausen"]
[Date "2001.08.10"]
[Round "7"]
[White "Feygin, Michail"]
[Black "Rotstein, Arkadij"]
[Result "1-0"]
[WhiteElo "2461"]
[BlackElo "2499"]
[PlyCount "113"]
[EventDate "2001.??.??"]

1. e4 c5 2. Nf3 e6 3. d4 cxd4 4. Nxd4 a6 5. Bd3 Bc5 6. Nb3 Be7 7. O-O d6 8. f4
Nc6 9. a4 Nf6 10. a5 b5 11. axb6 Qxb6+ 12. Kh1 O-O 13. Qe2 Bb7 14. Be3 Qc7 15.
c3 Rfb8 16. N1d2 a5 17. Ra4 Bc8 18. Rfa1 Bd7 19. R4a2 e5 20. fxe5 Nxe5 21. Rxa5
Rxa5 22. Rxa5 Nfg4 23. Ra7 Qd8 24. Bg1 Bg5 25. Ra3 Be6 26. Bb5 h5 27. Nd4 Bxd2
28. Qxd2 Nf6 29. Qe2 Qc8 30. Ba6 Qd7 31. b4 h4 32. Bb5 Qc8 33. Nxe6 Qxe6 34. c4
Ng6 35. Re3 h3 36. gxh3 Qe5 37. Qf3 Ra8 38. Qg3 Qb2 39. Bc6 Ra2 40. b5 Ne5 41.
Bd5 Qd2 42. b6 Rb2 43. Ra3 Nh5 44. Qf2 Qxf2 45. Bxf2 Rxf2 46. b7 Nd7 47. Kg1
Rb2 48. e5 Nf4 49. Ra8+ Kh7 50. Be4+ g6 51. exd6 Rb6 52. Rd8 Nxh3+ 53. Kf1 Ng5
54. Bd5 Rb1+ 55. Ke2 Rb2+ 56. Ke3 Rb3+ 57. Kd2 1-0

[Event "12. Süder Sommerpokal"]
[Site "Recklinghausen"]
[Date "2001.08.10"]
[Round "7"]
[White "Schebler, Gerhard"]
[Black "Podzielny, Karl-Heinz"]
[Result "0-1"]
[WhiteElo "2485"]
[BlackElo "2477"]
[PlyCount "89"]
[EventDate "2001.??.??"]

1. Nf3 g6 2. e4 Bg7 3. d4 d6 4. Nc3 a6 5. Bd3 Nf6 6. h3 O-O 7. Qe2 Nc6 8. e5
Nd7 9. e6 fxe6 10. h4 Rxf3 11. Qxf3 Nxd4 12. Qd1 Ne5 13. Ne2 Nxd3+ 14. Qxd3 c5
15. Nxd4 cxd4 16. h5 Qa5+ 17. Bd2 Qe5+ 18. Qe2 Qxe2+ 19. Kxe2 Bd7 20. hxg6 hxg6
21. Bg5 Re8 22. Rh4 e5 23. Rah1 d5 24. Kd2 e4 25. Rh7 b5 26. a3 Bf5 27. R7h4
Rc8 28. Kd1 Rc7 29. g4 Bc8 30. Bf4 Rc6 31. Bg5 Re6 32. Bh6 Bf6 33. Bg5 Bg7 34.
Bh6 Be5 35. Bf4 g5 36. Bxg5 Rg6 37. Bf4 Bg7 38. Rg1 e3 39. b4 exf2 40. Rf1
Bxg4+ 41. Kc1 Be2 42. Rxf2 Rg1+ 43. Kd2 Bg4 44. Rxg4 Rxg4 45. Bh2 0-1

[Event "12. Süder Sommerpokal"]
[Site "Recklinghausen"]
[Date "2001.08.10"]
[Round "7"]
[White "Gofshtein, Leonid"]
[Black "Kern, Guido"]
[Result "1-0"]
[WhiteElo "2518"]
[BlackElo "2334"]
[PlyCount "59"]
[EventDate "2001.??.??"]

1. e4 e6 2. d4 d5 3. Nc3 Nf6 4. e5 Nfd7 5. f4 c5 6. Nf3 Nc6 7. Be3 cxd4 8. Nxd4
Bc5 9. Qd2 O-O 10. g3 a6 11. Bg2 Bxd4 12. Bxd4 b5 13. Bf2 Bb7 14. O-O Qe7 15.
a3 Rfd8 16. Rfe1 Rac8 17. b4 Nxb4 18. axb4 Qxb4 19. Ne4 Qxd2 20. Nxd2 Rxc2 21.
Nb3 Rdc8 22. Bf1 Kf8 23. Bd4 Ke7 24. Bd3 R2c7 25. Kf2 h6 26. Ke3 f6 27. Kd2
fxe5 28. Bxe5 Nxe5 29. Rxe5 Kf6 30. Rae1 1-0

[Event "12. Süder Sommerpokal"]
[Site "Recklinghausen"]
[Date "2001.08.10"]
[Round "7"]
[White "Berelovich, Aleksandar"]
[Black "Rotstein, Jefim"]
[Result "0-1"]
[WhiteElo "2513"]
[BlackElo "2364"]
[PlyCount "88"]
[EventDate "2001.??.??"]

1. e4 c5 2. Nf3 e6 3. Nc3 a6 4. d4 cxd4 5. Nxd4 d6 6. g3 b5 7. Bg2 Bb7 8. O-O
b4 9. Na4 Nf6 10. Re1 Nbd7 11. a3 bxa3 12. Rxa3 Rc8 13. Rd3 Qc7 14. Rc3 Qb8 15.
Rb3 Rc4 16. e5 dxe5 17. Rxb7 Qc8 18. Nxe6 fxe6 19. c3 e4 20. Rb6 Kf7 21. Bh3
Rc6 22. Rxc6 Qxc6 23. Bf4 Be7 24. b3 Rd8 25. Qe2 Qb5 26. Bf1 g5 27. Be3 Ne5 28.
Rb1 Nf3+ 29. Kh1 Ng4 30. c4 Qf5 31. h3 Nxe3 32. Qxe3 Nd2 33. Rd1 Rd3 34. Qe2
Nxf1 35. Rxf1 Rxb3 36. Kg1 Bf6 37. Qc2 Rf3 38. Qd1 e3 39. Qe2 Bd4 40. Kg2 Rxf2+
41. Rxf2 exf2 42. c5 Kg7 43. Qc4 Qe4+ 44. Kh2 f1=N+ 0-1

[Event "12. Süder Sommerpokal"]
[Site "Recklinghausen"]
[Date "2001.08.10"]
[Round "7"]
[White "Eismont, Oleg"]
[Black "Dresen, Ulrich"]
[Result "1/2-1/2"]
[WhiteElo "2443"]
[BlackElo "2233"]
[PlyCount "41"]
[EventDate "2001.??.??"]

1. e4 d5 2. exd5 Qxd5 3. Nc3 Qa5 4. d4 c6 5. Nf3 Nf6 6. Bc4 Bf5 7. Bd2 e6 8.
Qe2 Bb4 9. O-O-O Nbd7 10. Kb1 Nb6 11. Bb3 Nbd5 12. Nxd5 cxd5 13. Nh4 Bg4 14. f3
Bxd2 15. Rxd2 Bh5 16. g4 Bg6 17. Ng2 h6 18. Nh4 Bh7 19. Nf5 Kf8 20. Ne3 b5 21.
Ka1 1/2-1/2

[Event "12. Süder Sommerpokal"]
[Site "Recklinghausen"]
[Date "2001.08.10"]
[Round "7"]
[White "Pusch, Hermann"]
[Black "Bischoff, Klaus"]
[Result "0-1"]
[WhiteElo "2169"]
[BlackElo "2541"]
[PlyCount "64"]
[EventDate "2001.??.??"]

1. e4 c5 2. d4 cxd4 3. c3 Nf6 4. Bd3 dxc3 5. Nxc3 Nc6 6. Nf3 d6 7. h3 e6 8. Be3
Be7 9. Rc1 O-O 10. O-O Bd7 11. Bb1 Qb8 12. Qe2 Rd8 13. Rfd1 Be8 14. Bf4 Ne5 15.
Nd4 a6 16. a4 Ng6 17. Be3 d5 18. a5 e5 19. exd5 exd4 20. Bxd4 Bf8 21. Bb6 Rc8
22. Ne4 Nxe4 23. Rxc8 Qxc8 24. Qxe4 Bd6 25. h4 Bd7 26. h5 f5 27. Qf3 Ne5 28.
Qh3 h6 29. Bd4 Ng4 30. Re1 Qc4 31. Rd1 Re8 32. Bc3 Qf4 0-1

[Event "12. Süder Sommerpokal"]
[Site "Recklinghausen"]
[Date "2001.08.10"]
[Round "7"]
[White "Ciornei, Dragos"]
[Black "Kummerow, Heiko"]
[Result "1/2-1/2"]
[WhiteElo "2168"]
[BlackElo "2297"]
[PlyCount "72"]
[EventDate "2001.??.??"]

1. e4 e6 2. d4 d5 3. Nd2 c5 4. Ngf3 cxd4 5. exd5 Qxd5 6. Bc4 Qd6 7. O-O Nf6 8.
Nb3 Nc6 9. Nbxd4 Nxd4 10. Nxd4 a6 11. Re1 Qc7 12. Bb3 Bd7 13. Qf3 Bd6 14. Nf5
Bxh2+ 15. Kh1 O-O-O 16. Nxg7 Be5 17. Bg5 Bc6 18. Bxf6 Bxf3 19. Bxe5 Bxg2+ 20.
Kxg2 Qe7 21. Re3 Qg5+ 22. Kf1 b5 23. Nxe6 fxe6 24. Bxe6+ Kb7 25. Bxh8 Rxh8 26.
Rd1 Rd8 27. Rxd8 Qxd8 28. Ke2 Qg5 29. b4 h5 30. c3 h4 31. Bh3 Qh5+ 32. Ke1 Qd5
33. Be6 Qg5 34. Bh3 Qd5 35. Be6 Qg5 36. Bh3 Qd5 1/2-1/2

[Event "12. Süder Sommerpokal"]
[Site "Recklinghausen"]
[Date "2001.08.10"]
[Round "7"]
[White "Goralski, Christian"]
[Black "Bakhmatov, Eduard"]
[Result "0-1"]
[WhiteElo "2149"]
[BlackElo "2276"]
[PlyCount "56"]
[EventDate "2001.??.??"]

1. e4 e5 2. d4 exd4 3. Qxd4 Nc6 4. Qe3 Nf6 5. Nc3 Bb4 6. Bd2 O-O 7. O-O-O d6 8.
Qg3 Ne5 9. f3 c6 10. h4 Kh8 11. h5 h6 12. Qh2 b5 13. g4 Nh7 14. Be2 Nc4 15.
Bxc4 bxc4 16. Nh3 Rb8 17. Nf4 Qa5 18. Rdf1 Bd7 19. a3 Bc5 20. Ng6+ fxg6 21.
hxg6 Rxb2 22. Bxh6 Qxc3 23. Bg5 Rb1+ 24. Kxb1 Rb8+ 25. Kc1 Bxa3+ 26. Kd1 Rb1+
27. Ke2 Qxc2+ 28. Ke3 Qxh2 0-1

[Event "12. Süder Sommerpokal"]
[Site "Recklinghausen"]
[Date "2001.08.10"]
[Round "7"]
[White "Wilde, Pierre"]
[Black "Banik, Thorsten"]
[Result "1-0"]
[WhiteElo "2272"]
[BlackElo "2117"]
[PlyCount "65"]
[EventDate "2001.??.??"]

1. c4 Nf6 2. Nc3 d5 3. cxd5 Nxd5 4. g3 Nxc3 5. bxc3 g6 6. Bg2 Bg7 7. Rb1 Nd7 8.
Nf3 O-O 9. O-O Rb8 10. d4 e5 11. e4 Re8 12. Qc2 c6 13. Be3 Qa5 14. Nd2 b5 15.
Nb3 Qc7 16. c4 b4 17. d5 Ba6 18. Rfc1 c5 19. Bh3 Bf8 20. Bxd7 Qxd7 21. Bxc5 Bh6
22. Be3 Bxe3 23. fxe3 Rbc8 24. c5 f5 25. c6 Qd8 26. Nc5 Qa5 27. Nxa6 Qxa6 28.
d6 Red8 29. d7 Rc7 30. Rxb4 Qa3 31. Qc4+ Kg7 32. Qc3 Qa5 33. Rb7 1-0

[Event "12. Süder Sommerpokal"]
[Site "Recklinghausen"]
[Date "2001.08.10"]
[Round "7"]
[White "Kloß, Detlev"]
[Black "Genkin, Michael"]
[Result "0-1"]
[WhiteElo "2119"]
[BlackElo "2266"]
[PlyCount "90"]
[EventDate "2001.??.??"]

1. d4 Nf6 2. Nf3 g6 3. g3 Bg7 4. Bg2 O-O 5. O-O d6 6. c4 Nbd7 7. Qc2 c5 8. Rd1
a6 9. Nc3 Rb8 10. dxc5 Nxc5 11. Nd4 Ne6 12. Nxe6 fxe6 13. h3 Qc7 14. Qd3 Nd7
15. Bf4 Ne5 16. Bxe5 Bxe5 17. e3 Qa5 18. a3 Bxc3 19. bxc3 Qf5 20. Qe2 Bd7 21.
e4 Qe5 22. Rd4 Bc6 23. Qg4 Rf6 24. Qe2 Qc5 25. Kh2 e5 26. Rd2 Bd7 27. Rb2 Be6
28. a4 Bxc4 29. Qd2 Rbf8 30. f3 b5 31. axb5 axb5 32. Rbb1 Kg7 33. Ra5 R8f7 34.
Rba1 e6 35. Ra8 d5 36. Rb8 Rf8 37. Rxf8 Rxf8 38. Ra6 d4 39. cxd4 Qxd4 40. Qa5
Rf7 41. Rc6 Qd7 42. Qb6 h5 43. f4 exf4 44. Rd6 fxg3+ 45. Kxg3 Qa7 0-1

[Event "12. Süder Sommerpokal"]
[Site "Recklinghausen"]
[Date "2001.08.10"]
[Round "7"]
[White "Zaragatski, Ilja"]
[Black "Ritter, Uwe"]
[Result "0-1"]
[WhiteElo "2248"]
[BlackElo "2094"]
[PlyCount "73"]
[EventDate "2001.??.??"]

1. e4 e5 2. Nf3 Nc6 3. Bb5 a6 4. Ba4 Nf6 5. O-O Nxe4 6. d4 b5 7. Bb3 d5 8. dxe5
Be6 9. c3 Bc5 10. Nbd2 O-O 11. Bc2 Bf5 12. Nb3 Bg6 13. Nfd4 Bxd4 14. cxd4 a5
15. Be3 a4 16. Nd2 a3 17. Nxe4 Bxe4 18. bxa3 Qd7 19. Qb1 Bxc2 20. Qxc2 Rxa3 21.
Qc5 b4 22. Rfc1 Ra6 23. Rab1 Rb8 24. Rb2 Rbb6 25. f4 Ra5 26. Qc2 g6 27. Bf2 Qg4
28. Qd2 Ra3 29. Rbc2 Na5 30. Rxc7 Nc4 31. Qc2 Qxf4 32. Rf1 Rba6 33. Qb1 Rxa2
34. Rc8+ Kg7 35. Qxb4 Nd6 36. exd6 Rxf2 37. Rfc1 0-1

[Event "12. Süder Sommerpokal"]
[Site "Recklinghausen"]
[Date "2001.08.10"]
[Round "7"]
[White "Eismont, Igor"]
[Black "Schreck, Roland"]
[Result "1-0"]
[WhiteElo "2238"]
[BlackElo "2109"]
[PlyCount "73"]
[EventDate "2001.??.??"]

1. d4 e6 2. Nf3 Nf6 3. c4 c5 4. e3 b6 5. Nc3 Bb7 6. Bd3 Nc6 7. O-O g6 8. a3 d6
9. d5 Nb8 10. dxe6 fxe6 11. e4 Nc6 12. Ng5 Qd7 13. f4 h6 14. e5 O-O-O 15. exf6
hxg5 16. fxg5 Ne5 17. Bf4 Rh4 18. Bxe5 dxe5 19. Bxg6 Rd4 20. Qe1 Rg4 21. Rf2
Qd4 22. Kh1 Qxc4 23. Qe2 Qxe2 24. Rxe2 Rxg5 25. Be4 a6 26. Rf2 c4 27. h3 Bc5
28. Re2 Rf8 29. Rf1 Rg3 30. Kh2 Re3 31. Rxe3 Bxe3 32. h4 Bf4+ 33. g3 Rxf6 34.
gxf4 exf4 35. Kh3 Kd8 36. Kg4 Bc8 37. Kg5 1-0

[Event "12. Süder Sommerpokal"]
[Site "Recklinghausen"]
[Date "2001.08.10"]
[Round "7"]
[White "Busch, Christian"]
[Black "Michalczak, Thomas"]
[Result "1/2-1/2"]
[WhiteElo "2112"]
[BlackElo "2232"]
[PlyCount "34"]
[EventDate "2001.??.??"]

1. d4 Nf6 2. Bg5 e6 3. Nf3 d5 4. c4 Nbd7 5. Nc3 c6 6. e3 Qa5 7. Qc2 Ne4 8. Bf4
Bb4 9. Rc1 Qxa2 10. Bd3 Nxc3 11. bxc3 Qxc2 12. Rxc2 Be7 13. Kd2 dxc4 14. Bxc4
O-O 15. Ra1 b6 16. Ba6 Bxa6 17. Rxa6 Nb8 1/2-1/2

[Event "12. Süder Sommerpokal"]
[Site "Recklinghausen"]
[Date "2001.08.10"]
[Round "7"]
[White "Hilmer, Frank"]
[Black "Nebel, Jens"]
[Result "1/2-1/2"]
[WhiteElo "2216"]
[BlackElo "2022"]
[PlyCount "62"]
[EventDate "2001.??.??"]

1. d4 Nf6 2. c4 c5 3. d5 e6 4. Nc3 exd5 5. cxd5 d6 6. e4 g6 7. f4 Bg7 8. Nf3
O-O 9. Be2 Re8 10. Nd2 Bd7 11. a4 Na6 12. O-O h5 13. h3 Nb4 14. Bf3 Ng4 15. Nc4
Bd4+ 16. Kh1 Qh4 17. Bxg4 hxg4 18. Nxd6 gxh3 19. g3 Qxg3 20. Qf3 Qh4 21. Nxe8
Rxe8 22. Be3 Bxe3 23. Qxe3 Nc2 24. Qd2 Nxa1 25. Rxa1 Bg4 26. Rf1 Qg3 27. Qf2
Qd3 28. e5 Kg7 29. Kh2 Rh8 30. Re1 b6 31. d6 Qc4 1/2-1/2

[Event "12. Süder Sommerpokal"]
[Site "Recklinghausen"]
[Date "2001.08.10"]
[Round "7"]
[White "Matrisch, Gerd"]
[Black "Wicht, Jürgen"]
[Result "1/2-1/2"]
[WhiteElo "1799"]
[BlackElo "2197"]
[PlyCount "66"]
[EventDate "2001.??.??"]

1. e4 d6 2. d4 Nf6 3. Nc3 g6 4. Nf3 Bg7 5. Bg5 h6 6. Bh4 c6 7. Bd3 a5 8. O-O
Na6 9. a3 O-O 10. Rb1 Nh5 11. Qd2 Nc7 12. Rfe1 Bg4 13. Be2 Ne6 14. d5 Nef4 15.
h3 Nxe2+ 16. Qxe2 Bxf3 17. Qxf3 Be5 18. g4 Nf4 19. Ne2 Nxe2+ 20. Rxe2 cxd5 21.
exd5 Rc8 22. Qe3 g5 23. Bg3 Bf6 24. f4 Rc4 25. c3 Qc7 26. Rf1 b5 27. fxg5 hxg5
28. Rf5 Rb8 29. Rxg5+ Bxg5 30. Qxg5+ Kf8 31. Bh4 Qa7+ 32. Kg2 Rc7 33. Qh6+ Kg8
1/2-1/2

[Event "12. Süder Sommerpokal"]
[Site "Recklinghausen"]
[Date "2001.08.10"]
[Round "7"]
[White "Servaty, Rudolf"]
[Black "Stoven, Gilles-Noel"]
[Result "1/2-1/2"]
[WhiteElo "2255"]
[BlackElo "2051"]
[PlyCount "45"]
[EventDate "2001.??.??"]

1. d4 Nf6 2. c4 c5 3. d5 b5 4. Qc2 b4 5. e4 d6 6. Nf3 g6 7. Be2 Bg7 8. Nbd2
Nbd7 9. a4 O-O 10. O-O Rb8 11. Nb3 h6 12. Re1 Ng4 13. h3 Nge5 14. Nxe5 Nxe5 15.
f4 Nd7 16. Be3 Qc7 17. a5 a6 18. Rad1 Bb7 19. Bf3 Rbe8 20. Bf2 Bc8 21. g4 g5
22. f5 Ne5 23. Be2 1/2-1/2

[Event "12. Süder Sommerpokal"]
[Site "Recklinghausen"]
[Date "2001.08.10"]
[Round "7"]
[White "Zeier, Robert"]
[Black "Pirs, Matjaz"]
[Result "1/2-1/2"]
[WhiteElo "2034"]
[BlackElo "2248"]
[PlyCount "167"]
[EventDate "2001.??.??"]

1. e4 c5 2. Nf3 Nc6 3. d4 cxd4 4. Nxd4 Nf6 5. Nc3 e5 6. Ndb5 d6 7. Nd5 Nxd5 8.
exd5 Nb8 9. c4 Be7 10. Be2 a6 11. Nc3 O-O 12. O-O f5 13. f4 Bf6 14. Qc2 g6 15.
Kh1 Nd7 16. b4 b6 17. Be3 exf4 18. Bxf4 Be5 19. Rac1 Bb7 20. Na4 Bxf4 21. Rxf4
Qg5 22. Rcf1 Rac8 23. Qd2 Rfe8 24. Bd3 Qe7 25. Kg1 Qe3+ 26. R1f2 Qe1+ 27. Bf1
Re5 28. Qxe1 Rxe1 29. Re2 Re8 30. Rxe8+ Rxe8 31. Kf2 Kg7 32. Rd4 Kf6 33. h3 g5
34. Rd3 h5 35. Re3 Re5 36. Rxe5 Kxe5 37. Ke3 f4+ 38. Kd2 Kd4 39. Be2 g4 40.
hxg4 hxg4 41. a3 g3 42. Bf1 b5 43. cxb5 axb5 44. Bxb5 Ne5 45. Nc3 Ng4 46. Bc6
Bc8 47. b5 Ne3 48. Ne2+ Ke5 49. Nxg3 Nxg2 50. Nf1 Kd4 51. b6 Kc4 52. b7 Bxb7
53. Bxb7 Kb3 54. Kd3 Kxa3 55. Nd2 Kb4 56. Ne4 Ne3 57. Nf6 Nc4 58. Ke4 Kc3 59.
Kxf4 Kd4 60. Kf5 Ne3+ 61. Ke6 Kc5 62. Nd7+ Kd4 63. Kxd6 Nxd5 64. Bxd5 Kc3 65.
Kc5 Kb2 66. Nf8 Kc3 67. Ne6 Kb2 68. Nd4 Kc3 69. Be4 Kb2 70. Kb4 Ka1 71. Kc3 Ka2
72. Nb5 Ka1 73. Nd6 Ka2 74. Nc4 Ka1 75. Nd2 Ka2 76. Nb3 Ka3 77. Bb1 Ka4 78. Nd4
Ka5 79. Kc4 Kb6 80. Nb5 Kc6 81. Bf5 Kb6 82. Bd7 Ka5 83. Nc3 Kb6 84. Na4+ {
Rest unleserlich} 1/2-1/2

[Event "12. Süder Sommerpokal"]
[Site "Recklinghausen"]
[Date "2001.08.10"]
[Round "7"]
[White "Litwak, Aleksej"]
[Black "Hoefker, Mathias"]
[Result "1/2-1/2"]
[WhiteElo "1955"]
[BlackElo "2241"]
[PlyCount "65"]
[EventDate "2001.??.??"]

1. e4 e5 2. Nf3 Nc6 3. Bb5 a6 4. Bxc6 dxc6 5. O-O Qd6 6. d3 Ne7 7. Be3 Ng6 8.
c3 Be7 9. d4 O-O 10. Nbd2 exd4 11. cxd4 f5 12. e5 Qd5 13. Bg5 Bxg5 14. Nxg5
Qxd4 15. Qb3+ Qd5 16. Qxd5+ cxd5 17. Rac1 h6 18. Ngf3 c6 19. Nb3 Re8 20. Rfe1
Nf4 21. Rc3 Ne6 22. a4 a5 23. Nfd4 Nxd4 24. Nxd4 Ra6 25. f4 Rb6 26. b3 Rb4 27.
Rd1 Bd7 28. Kf2 Kf7 29. g3 Be6 30. Rc5 Ra8 31. Ke3 Rb6 32. Kd3 Rba6 33. Rdc1
1/2-1/2

[Event "12. Süder Sommerpokal"]
[Site "Recklinghausen"]
[Date "2001.08.10"]
[Round "7"]
[White "Frohne, Gerd"]
[Black "Iounoussov, Maksim"]
[Result "1/2-1/2"]
[WhiteElo "2233"]
[BlackElo "2007"]
[PlyCount "105"]
[EventDate "2001.??.??"]

1. d4 d5 2. c4 e6 3. Nc3 c5 4. cxd5 exd5 5. Nf3 Nc6 6. g3 Nf6 7. Bg2 Be7 8. O-O
O-O 9. Bg5 cxd4 10. Nxd4 h6 11. Be3 Re8 12. Qb3 Na5 13. Qc2 Bg4 14. Nf5 Bb4 15.
Rfd1 Rc8 16. Bxh6 Rxe2 17. Qd3 Re5 18. Nxg7 Bxd1 19. Rxd1 Bxc3 20. bxc3 Qe7 21.
Nf5 Re1+ 22. Bf1 Qe5 23. Bf4 Qe4 24. Qxe4 Rxe4 25. Nd6 Rxf4 26. Nxc8 Ra4 27.
Nxa7 Rxa2 28. Nb5 Nb3 29. Bg2 Ne4 30. Bxe4 dxe4 31. Nd6 Nc5 32. Rd4 Rc2 33. c4
Rc1+ 34. Kg2 Re1 35. Rd5 Nd3 36. Nxb7 Re2 37. c5 Rxf2+ 38. Kh3 Rd2 39. Rd8+ Kg7
40. c6 Rc2 41. Nd6 Rxc6 42. Nxe4 Ne5 43. Rd5 Re6 44. Nc5 Re7 45. Kg2 Kg6 46. h3
Nc4 47. Kf3 Re3+ 48. Kf4 Re1 49. Rd4 Rf1+ 50. Ke4 Re1+ 51. Kf3 Ne5+ 52. Kf2 Ra1
53. Rd6+ 1/2-1/2

[Event "12. Süder Sommerpokal"]
[Site "Recklinghausen"]
[Date "2001.08.10"]
[Round "7"]
[White "Spieß, Timo"]
[Black "Weißkopf, Lutz"]
[Result "1/2-1/2"]
[WhiteElo "2181"]
[BlackElo "2042"]
[PlyCount "43"]
[EventDate "2001.??.??"]

1. e4 c5 2. Nf3 d6 3. Bb5+ Bd7 4. Bxd7+ Qxd7 5. O-O Nc6 6. c3 Nf6 7. Re1 g6 8.
d4 cxd4 9. cxd4 Bg7 10. Nc3 O-O 11. Bg5 Rfc8 12. Rc1 a6 13. Bxf6 exf6 14. Nd5
Qd8 15. Qb3 b5 16. Rc2 Ne7 17. Ree2 Rxc2 18. Rxc2 f5 19. Nxe7+ Qxe7 20. exf5
Bxd4 21. g3 Bc5 22. Qd5 1/2-1/2

[Event "12. Süder Sommerpokal"]
[Site "Recklinghausen"]
[Date "2001.08.10"]
[Round "7"]
[White "Cordes, Mary Ann"]
[Black "Goihl, Mona"]
[Result "1/2-1/2"]
[WhiteElo "1931"]
[BlackElo "2134"]
[PlyCount "26"]
[EventDate "2001.??.??"]

1. e4 c5 2. c3 d5 3. exd5 Qxd5 4. Nf3 Bg4 5. Be2 e6 6. Na3 Nc6 7. d4 cxd4 8.
Nb5 Qd8 9. Nbxd4 Nxd4 10. Nxd4 Bxe2 11. Qxe2 Be7 12. Qb5+ Qd7 13. Qxd7+ Kxd7
1/2-1/2

[Event "12. Süder Sommerpokal"]
[Site "Recklinghausen"]
[Date "2001.08.10"]
[Round "7"]
[White "Jittenmeier, Franz"]
[Black "Müller, Herbert"]
[Result "1/2-1/2"]
[WhiteElo "1902"]
[BlackElo "2121"]
[PlyCount "45"]
[EventDate "2001.??.??"]

1. g3 Nf6 2. Bg2 d6 3. d3 c6 4. e4 e5 5. Ne2 Bg4 6. h3 Bd7 7. O-O Na6 8. c3 Be7
9. Be3 Nc7 10. Nd2 d5 11. f4 exf4 12. gxf4 dxe4 13. dxe4 Ne6 14. Nb3 O-O 15.
Qe1 Qc7 16. Rd1 Rfd8 17. Qf2 b6 18. Ned4 Nc5 19. Nxc5 Bxc5 20. Nc2 Bxe3 21.
Nxe3 Rac8 22. e5 Ne8 23. Qf3 1/2-1/2

[Event "12. Süder Sommerpokal"]
[Site "Recklinghausen"]
[Date "2001.08.10"]
[Round "7"]
[White "Parado, Dominado"]
[Black "Montignies, Rainer"]
[Result "1-0"]
[WhiteElo "2107"]
[BlackElo "1901"]
[PlyCount "66"]
[EventDate "2001.??.??"]

1. d4 Nf6 2. c4 g6 3. Nc3 Bg7 4. e4 d6 5. f3 O-O 6. Be3 c6 7. Qd2 e5 8. d5 c5
9. Nge2 Nbd7 10. g4 a6 11. h4 Rb8 12. h5 b5 13. Ng3 bxc4 14. Bh6 Qe7 15. Bxg7
Kxg7 16. hxg6 fxg6 17. Qh6+ Kh8 18. O-O-O Qg7 19. Qe3 Nb6 20. g5 Ne8 21. Bh3
Bxh3 22. Rxh3 Rf7 23. Rdh1 Qg8 24. Rh6 Rbb7 25. Nge2 Rbe7 26. f4 Nd7 27. f5
gxf5 28. g6 Rg7 29. exf5 Nef6 30. Ng3 Ng4 31. Qg5 Nxh6 32. Rxh6 Rgf7 33. Nce4
Rf8 1-0

[Event "12. Süder Sommerpokal"]
[Site "Recklinghausen"]
[Date "2001.08.10"]
[Round "7"]
[White "von Beers, Rainer"]
[Black "Mittelbachert, Ulrich"]
[Result "1-0"]
[WhiteElo "1864"]
[BlackElo "2086"]
[PlyCount "61"]
[EventDate "2001.??.??"]

1. e4 c6 2. d4 d5 3. Nc3 dxe4 4. Nxe4 Nf6 5. Nxf6+ gxf6 6. Nf3 Bg4 7. Be2 e6 8.
O-O Qc7 9. c4 Nd7 10. Be3 Be7 11. Rc1 h5 12. Qa4 e5 13. Rfe1 Rg8 14. Kh1 e4 15.
Nd2 f5 16. f3 exf3 17. Bxf3 Kf8 18. Bh6+ Ke8 19. Qa3 Nf8 20. Bf4 Qd7 21. d5 Kd8
22. d6 Bh4 23. g3 Bf6 24. c5 Ne6 25. Qa5+ Kc8 26. Bxg4 Nxf4 27. Bxf5 Ne6 28.
Rxe6 b6 29. Qa6+ Kd8 30. Rxf6 Qe8 31. Qb7 1-0

[Event "12. Süder Sommerpokal"]
[Site "Recklinghausen"]
[Date "2001.08.10"]
[Round "7"]
[White "Große-Frintrop, Gerd"]
[Black "Barskij, Aleksandr"]
[Result "1-0"]
[WhiteElo "2084"]
[BlackElo "1859"]
[PlyCount "84"]
[EventDate "2001.??.??"]

1. d4 Nf6 2. c4 e6 3. Nc3 d5 4. Bg5 Nbd7 5. cxd5 exd5 6. e3 Be7 7. Bd3 O-O 8.
Qc2 c6 9. Nge2 Re8 10. O-O Nf8 11. f3 Be6 12. Rad1 Rc8 13. Kh1 a6 14. Bxf6 Bxf6
15. e4 c5 16. exd5 Bxd5 17. Nxd5 Qxd5 18. Nc3 Qh5 19. d5 Be5 20. f4 Bd4 21. Be4
b5 22. Bf3 Qh6 23. g3 Qb6 24. Ne2 Bf6 25. g4 h6 26. Ng3 Rcd8 27. Nf5 Ng6 28.
Be4 Ne7 29. Ng3 Nc8 30. Nh5 Bd4 31. g5 hxg5 32. fxg5 Rd6 33. Qd3 g6 34. Qf3 Qc7
35. Rxd4 cxd4 36. Nf6+ Rxf6 37. gxf6 Qe5 38. Bxg6 fxg6 39. f7+ Kg7 40. Qf6+
Qxf6 41. fxe8=N+ Kf7 42. Nxf6 Nd6 1-0

[Event "12. Süder Sommerpokal"]
[Site "Recklinghausen"]
[Date "2001.08.10"]
[Round "7"]
[White "Denig, Friedrich"]
[Black "Bramkamp, Rainer"]
[Result "1/2-1/2"]
[WhiteElo "1664"]
[BlackElo "2191"]
[PlyCount "123"]
[EventDate "2001.??.??"]

1. d4 Nf6 2. Nf3 g6 3. c4 Bg7 4. Nc3 O-O 5. e4 d6 6. Be2 e5 7. d5 Nbd7 8. Bg5
h6 9. Bh4 a5 10. Qc2 Nc5 11. b3 g5 12. Bg3 Nfxe4 13. Nxe4 Nxe4 14. Qxe4 f5 15.
Qc2 e4 16. Be5 dxe5 17. Nd2 Bd7 18. h3 Qf6 19. g4 Qg6 20. Rd1 Rad8 21. Nf1 Qb6
22. gxf5 Bxf5 23. Ne3 Bg6 24. Rd2 Rf4 25. c5 Qf6 26. Bc4 Kh7 27. Rh2 Qf8 28.
Be2 b6 29. Qc4 Qxc5 30. Qxc5 bxc5 31. Rc2 Bf8 32. Rc4 Bf7 33. Ra4 Ra8 34. Bb5
Bd6 35. Bc6 Rb8 36. Rxa5 c4 37. Rb5 Rxb5 38. Bxb5 cxb3 39. axb3 Bb4+ 40. Kd1
Bc5 41. Bc4 Bh5+ 42. Be2 Bxe3 43. fxe3 Rf1+ 44. Kc2 Bxe2 45. Rxe2 h5 46. b4 Kg6
47. b5 g4 48. hxg4 hxg4 49. Kc3 Kg5 50. d6 cxd6 51. b6 Rf7 52. Rb2 Rb7 53. Kc4
g3 54. Kd5 Kg4 55. Kc6 Rxb6+ 56. Rxb6 g2 57. Rb1 Kf3 58. Kxd6 Kxe3 59. Kxe5 Kf3
60. Kd4 e3 61. Kd3 Kf2 62. Rb2+ 1/2-1/2

[Event "12. Süder Sommerpokal"]
[Site "Recklinghausen"]
[Date "2001.08.10"]
[Round "7"]
[White "Sondermann, Dirk"]
[Black "Lutz, Jürgen"]
[Result "1/2-1/2"]
[WhiteElo "2171"]
[BlackElo "1941"]
[PlyCount "89"]
[EventDate "2001.??.??"]

1. d4 Nf6 2. c4 g6 3. Nc3 d5 4. cxd5 Nxd5 5. e4 Nxc3 6. bxc3 Bg7 7. Be3 c5 8.
Nf3 O-O 9. Qd2 Qa5 10. Rc1 Bg4 11. Ng5 cxd4 12. cxd4 Qxd2+ 13. Kxd2 Nc6 14. h3
Bc8 15. Nf3 Rd8 16. Rc4 Nxd4 17. Bxd4 e5 18. Bd3 exd4 19. Rc7 Be6 20. Rxb7 Rdb8
21. Rhb1 Rxb7 22. Rxb7 Bxa2 23. Ba6 Be6 24. Rb4 Kf8 25. Kd3 h6 26. Nxd4 Rd8 27.
Ke3 Bxd4+ 28. Rxd4 Rxd4 29. Kxd4 Ke7 30. e5 Ba2 31. f4 h5 32. h4 Be6 33. Kc5
Bd7 34. g3 Be8 35. Be2 Ke6 36. g4 hxg4 37. Bxg4+ Ke7 38. h5 gxh5 39. Bxh5 a5
40. Bg4 Kd8 41. Bh5 f6 42. Bxe8 Kxe8 43. exf6 Kf7 44. Kb5 Kxf6 45. Kxa5 1/2-1/2

[Event "12. Süder Sommerpokal"]
[Site "Recklinghausen"]
[Date "2001.08.10"]
[Round "7"]
[White "Hahn, Matthias"]
[Black "Konietzka, Lutz"]
[Result "1/2-1/2"]
[WhiteElo "1932"]
[BlackElo "2160"]
[PlyCount "38"]
[EventDate "2001.??.??"]

1. d4 Nf6 2. c4 c5 3. d5 d6 4. Nc3 g6 5. e4 Bg7 6. Bd3 O-O 7. h3 e6 8. Nf3 exd5
9. cxd5 a6 10. a4 Nbd7 11. O-O Re8 12. Re1 Qe7 13. Bf4 Nh5 14. Bh2 Ne5 15. Be2
Nxf3+ 16. Bxf3 Nf6 17. e5 dxe5 18. Bxe5 Bf8 19. Bf4 Qd7 1/2-1/2